| 000 | 00459nam a2200157 i 4500 | ||
|---|---|---|---|
| 001 | 70210 | ||
| 003 | ES-MaACL | ||
| 005 | 20230906170744.0 | ||
| 007 | t| | ||
| 008 | 040720s1963 sp ||||1| spa d | ||
| 100 | 1 |
_aGarcía Prada, Carlos. _955132 |
|
| 245 | 1 | 0 |
_aLetras hispanoamericanas _b: ensayos de simpatía / _cCarlos García Prada. |
| 260 |
_aMadrid : _bIberoamericanas, _c1963. |
||
| 300 |
_a2 v. ; _c20 cm. |
||
| 852 |
_aES-MaACL _jC-27872-3 _bR.56701 |
||
| 999 |
_c70210 _d70210 |
||